| 000 | 00411nam a22001697a 4500 | ||
|---|---|---|---|
| 005 | 20180319111548.0 | ||
| 008 | 160512b xxu||||| |||| 00| 0 eng d | ||
| 020 | _a978-81-8159-402-0 | ||
| 041 | _aeng | ||
| 082 |
_b1756 _a336.24 |
||
| 100 |
_aManoharan T.N. _94202 |
||
| 245 | _aIncome Tax, VAT & Sevise Tax | ||
| 260 |
_aMUMBAI _bSNOW WHITE _c1996 |
||
| 300 | _a819 | ||
| 650 |
_aManagement _9241 |
||
| 942 | _cBK | ||
| 999 |
_c676 _d676 |
||